अशी ही पु. लं. Sाी `फुलराणी' (Record no. 339245)

MARC details
000 -LEADER
fixed length control field 00638nam a2200169Ia 4500
008 - FIXED-LENGTH DATA ELEMENTS--GENERAL INFORMATION
fixed length control field 090711s9999 xx 000 0 und d
082 ## - DEWEY DECIMAL CLASSIFICATION NUMBER
Item number 60
100 ## - MAIN ENTRY--PERSONAL NAME
Personal name देशपांडे पु. ल.
245 ## - TITLE STATEMENT
Title अशी ही पु. लं. Sाी `फुलराणी'
260 ## - PUBLICATION, DISTRIBUTION, ETC. (IMPRINT)
Name of publisher, distributor, etc संयम पब्लिकेशन
Date of publication, distribution, etc 2001
300 ## - PHYSICAL DESCRIPTION
Extent 128
600 ## - SUBJECT ADDED ENTRY--PERSONAL NAME
Personal name देशपांडे पु. ल.
630 ## - SUBJECT ADDED ENTRY--UNIFORM TITLE
Uniform title अशी ही पु. लं. Sाी `फुलराणी'
700 ## - ADDED ENTRY--PERSONAL NAME
Personal name देशपांडे पु. ल.
730 ## - ADDED ENTRY--UNIFORM TITLE
Uniform title अशी ही पु. लं. Sाी `फुलराणी'
942 ## - ADDED ENTRY ELEMENTS (KOHA)
Koha item type Book

No items available.